000 00710nam a2200217 a 4500
005 20140310183329.0
008 060815s19uu xx 00 eng d
020 _a0155064355
050 _aPE 1127.H4
_b.Sh54 2001
100 _aShoemaker, Connie
245 _aInside the news:
_ba reading text for students of English. /
_cConnie Shoemaker
260 _aForth Worth :
_bHarcourt College Publishers,
_c2001.
300 _a109 p. :
_bill. ;
_c24 cm.
521 _aMC
650 _aReader's
_xCurrent events.
650 _aCurrent events
_xProblems, exercises, etc.
650 _aEnglsih language
_xTextbooks for foreign speakers.
700 _aPolycarpou, Susan
942 _cBK
_2lcc
_kFOR
999 _c21503
_d21503